Top 300 Boys' Names 2015 - by Any 3 Letters Quiz Stats

 Plays Quiz Updated Jun 22, 2018

Challenge
Share
Tweet
Embed
Score 0/300 Timer 19:00
1 Play Today
Rank Name % Correct
82Brandon
88.9%
9Michael
88.6%
155Richard
88.1%
144Jameson
87.2%
10Benjamin
86.9%
88Zachary
86.3%
17Jackson
86%
8Alexander
85.8%
46Landon
85.3%
180Alejandro
84.9%
50Charles
84.5%
48Jonathan
84.3%
276Martin
84.1%
229Charlie
83.8%
119Harrison
83.7%
121Brantley
83.1%
5William
82.8%
275Ricardo
82.4%
25Anthony
81.9%
61Brayden
81.8%
43Christian
81.5%
246Stephen
81.1%
26John
80.9%
249Zander
80.8%
51Thomas
80.6%
207Xander
80.3%
122Braxton
80.3%
15Matthew
80.1%
184Maverick
80.1%
89Carson
79.9%
185Aidan
79.7%
32Christopher
79.7%
24Carter
79.6%
60Jordan
79.5%
40Jack
79.3%
250Chance
79.2%
265Amari
79.2%
284Mario
79.1%
7James
79.1%
168Marcus
78.9%
12Daniel
78.6%
196Mark
78.5%
164Patrick
78.4%
47Grayson
78.3%
217Omar
78.2%
4Jacob
78%
75Jace
78%
231Emiliano
77.8%
269Fernando
77.2%
37Caleb
77.1%
206Peter
76.9%
108Micah
76.8%
97Nathaniel
76.5%
189Brian
76.5%
86Jason
76.4%
170Abraham
76.4%
228Andres
76.4%
93Bentley
76.2%
111Greyson
76.2%
177Grant
76.1%
30Andrew
75.8%
33Joshua
75.6%
57Josiah
75.4%
45Julian
75.3%
202Nicolas
75.2%
21Joseph
75.2%
22Gabriel
75.1%
279Andre
74.9%
266Erick
74.8%
173Bradley
74.7%
152Antonio
74.4%
63Robert
74%
80Jose
73.9%
191Matteo
73.8%
56Cameron
73.7%
3Mason
73.7%
133Bryson
73.6%
154Steven
73.3%
271Josue
73.2%
59Colton
73.1%
247Francisco
72.7%
153Bennett
72.7%
74Chase
72.5%
137Eric
72.3%
85Mateo
72.2%
172Colin
71.8%
299Remington
71.5%
38Nathan
71.5%
120Weston
71.3%
62Nicholas
71.3%
183Karter
71%
165Kaleb
71%
104Camden
70.9%
198Brady
70.8%
169Preston
70.5%
270Cristian
70.4%
20Jayden
70.3%
285Caiden
70.1%
68Dominic
70.1%
35Sebastian
70%
Rank Name % Correct
268Jaiden
70%
6Ethan
69.9%
295Shane
69.9%
140Kaiden
69.6%
248Clayton
69%
134Alex
69%
142Kingston
68.9%
143Jonah
68.8%
293Karson
68.7%
18David
68.6%
78Easton
68.6%
13Aiden
68.3%
141Ashton
68.1%
116Damian
68.1%
282Donovan
68%
117Carlos
68%
84Jaxson
67.9%
127Santiago
67.9%
181Oscar
67.9%
52Aaron
67.9%
171Calvin
67.8%
245Kameron
67.6%
192Caden
67.4%
199Kenneth
67.2%
201Jaden
67%
264Collin
66.5%
101Tristan
65.7%
151Hayden
65.5%
239Dawson
65.5%
58Adrian
65.3%
290Jeffrey
65.1%
158Edward
65%
179Kaden
65%
79Kevin
64.7%
215Jasper
64.7%
212Cayden
64.6%
65Hudson
64.5%
291Holden
64.5%
95Kayden
64.4%
100Elias
64.3%
260Peyton
64.2%
55Jeremiah
64.1%
66Lincoln
63.9%
193Zayden
63.7%
166Bryan
63.6%
23Samuel
63.3%
103Leonardo
63.2%
230Paxton
63.1%
41Hunter
63%
87Ayden
62.6%
110Justin
62.4%
167Alan
62.1%
136George
62%
162Malachi
61.7%
83Asher
61.1%
2Liam
61%
200Paul
60.7%
255Dallas
60.5%
150Emmanuel
60.3%
112Declan
60.2%
73Adam
59.9%
176Graham
59.3%
273Garrett
58.8%
76Ian
58.8%
102Roman
58.7%
174Jeremy
58.4%
210Derek
57.6%
69Austin
57.6%
109Vincent
57.2%
289Archer
57.1%
27Dylan
56.8%
29Henry
56.7%
98Ryder
56.5%
296Lane
56.5%
70Gavin
56.5%
261Devin
56.4%
283Manuel
56.3%
182Jase
56.1%
113Maxwell
56%
147Timothy
55.9%
135Everett
55.8%
16Lucas
54.8%
256Conner
54.4%
71Nolan
54.4%
19Oliver
54.3%
115Cole
54.2%
99Theodore
53.9%
259Raymond
53.7%
54Connor
53.5%
253Lukas
53.4%
278Seth
53.1%
28Luke
53%
224Tanner
52.9%
241Rylan
52.2%
287Kyler
52.2%
126Wesley
51.8%
49Isaiah
51.5%
107Miles
50.8%
286Adriel
50.6%
39Ryan
50.4%
Rank Name % Correct
81Tyler
50.1%
234Simon
48.8%
213Elliott
48.7%
159Joel
48.7%
267Cash
48.7%
67Evan
48.5%
194Riley
48.2%
105Brody
47.4%
178Jesse
47.4%
216Lorenzo
47%
292Arthur
47%
72Parker
46.8%
225Jorge
46.8%
1Noah
46.8%
91Leo
46.6%
128Jesus
46.5%
254Damien
46.4%
263Jayceon
45.9%
148Ezekiel
45.9%
262Felix
45.8%
208Elliot
45.7%
211Sean
44.8%
251Eduardo
44.8%
157Luca
44.5%
77Cooper
43.8%
11Elijah
43.8%
132Jayce
43.3%
130Giovanni
43.3%
131Bryce
43.2%
160Victor
43.2%
187Avery
42.5%
197Maximus
41.9%
31Isaac
41.8%
205Jake
41.6%
243Messiah
41.3%
257Travis
41.2%
118Max
41.2%
232Brooks
41.1%
53Eli
41%
222Waylon
40.9%
138Ivan
40.8%
129Silas
40%
223Myles
39.6%
139Emmett
39.4%
90Xavier
37.8%
14Logan
37%
221Corbin
36.8%
252Spencer
36.8%
233Zane
35.7%
238Gunner
35.5%
244River
35.3%
36Owen
35.2%
175Kyle
35.1%
288Milo
34.9%
300Troy
34.1%
297Louis
33.7%
218Beckett
33.6%
186Tucker
32.9%
236Griffin
32.9%
96Blake
32.7%
226Javier
32.2%
190Iker
32%
161Miguel
31.5%
146Maddox
30.7%
204Dean
30.2%
149Ryker
29.9%
274Rhett
29.7%
240Israel
29.4%
34Wyatt
28.8%
163King
28.6%
114Juan
28.2%
294Rafael
28.2%
44Jaxon
27.7%
272Keegan
27.6%
125Abel
27.3%
209Finn
26.6%
298Angelo
26.1%
214Jax
24.8%
237Cody
24.6%
220Gael
24.3%
64Angel
23.3%
235Judah
22.6%
219Rowan
21.5%
42Levi
21.2%
156Jude
20.5%
188Amir
19.4%
94Sawyer
19.2%
280Cesar
19%
106Luis
17.5%
227Zion
17.4%
124Diego
16.4%
195August
15.7%
145Kai
14.7%
123Axel
12.8%
203Beau
12.3%
92Ezra
11.3%
277Reid
10.7%
242Gage
10.2%
281Titus
8.1%
258Knox
4.6%

You're not logged in!

Compare scores with friends on all Sporcle quizzes.
OR
Log In

You Might Also Like...

Show Comments

Extras

Top Quizzes Today


Score Distribution

Your Account Isn't Verified!

In order to create a playlist on Sporcle, you need to verify the email address you used during registration. Go to your Sporcle Settings to finish the process.

Report this User

Report this user for behavior that violates our Community Guidelines.

Details: